• 首页
  • 本馆介绍
  • 公告通知
  • 最新文献
  • 馆藏检索
  • 电子资源
  • 读者导购
  • 参考咨询
  • 我的图书馆
  • 登录
  • 详细信息显示
  • 放入我的书架
  • 预约/预借图书
  • 作者相关作品
  • 分类相关作品
  • 丛书相关作品
  • 出版社相关作品

书目信息

  • 表格格式
  • 工作单格式
  • 卡片格式
书名: Physics
作者: Wenham, E.J.
分册号:
分册名:
出版地: London :
 
出版社: Addison-Wesley
出版时间: 1972.
页数: 544 P. :
开本:
丛书名:
中图分类号:
科图分类号:
其他分类号: O4:H31
主题词:
电子资源:
000 00422nam 2200157 4500
001 E0754031026
005 20070227150128.56
008 990304s1972 enka b 000 0 eng d
040    @aNUL@cNUL
090    @aP31/W119.1
090    @aO4:H31
099    @dO4:H31@ex148
100 1  @aWenham, E. J.
245 10 @aPhysics :@bconcepts and models / @cWenham, E.J.
260    @aLondon :@bAddison-Wesley,@c1972.
300    @a544 P. :@billus.
    
    Physics : : concepts and models / / Wenham, E.J.-London : : Addison-Wesley, , 1972.
    544 P. : : illus.
    
    
    ISBN
    
●
相关链接 在E读中查询图书 在五车中查询图书 在当当中查询图书 在豆瓣中查询图书


正题名:Physics     索取号:O4:H31/x148         预约/预借

序号 登录号 条形码 馆藏地/架位号 状态 备注
1 60478   000451870   第四借阅区/ [索取号:O4:H31/x148] 在馆    
2 60479   000451950   第四借阅区/ [索取号:O4:H31/x148] 在馆    
3 60480   000451914   第二样本阅览室/ [索取号:O4:H31/x148] 在馆    
唐山师范学院图书馆 欢迎您!
大连网信软件有限公司© 版权所有